书目信息 |
| 题名: |
斯巴达克思
|
|
| 作者: | 乔万尼奥里 著 ;李俍民 译 | |
| 分册: | 上册 | |
| 出版信息: | 上海 上海译文出版社 |
|
| 页数: | 368页 | |
| 开本: | 19cm | |
| 丛书名: | ||
| 单 册: | ||
| 中图分类: | I546.4 , I546.44 | |
| 科图分类: | ||
| 主题词: | 长篇小说--意大利--近代 | |
| 电子资源: | ||
| ISBN: | ||
| 000 | 00739nam0 2200253 450 | |
| 001 | 1538496130 | |
| 005 | 20150126133346.76 | |
| 010 | @dCNY1.72 | |
| 091 | @a10188.24@dCNY3.00(两册) | |
| 100 | @a20060920e1978 em y0chiy0120 ea | |
| 101 | 1 | @achi@cita |
| 102 | @aCN@b310000 | |
| 105 | @ay z 000ay | |
| 200 | 1 | @a斯巴达克思@9si ba da ke si@h上册@f(意)乔万尼奥里著@g李俍民译 |
| 210 | @a上海@c上海译文出版社@e南京@g江苏人民出版社@h1978重印 | |
| 215 | @a368页@d19cm | |
| 303 | @a〓=[亻良](liang) | |
| 606 | 0 | @a长篇小说@y意大利@z近代 |
| 690 | @aI546.4@v4 | |
| 690 | @aI546.44@v5 | |
| 701 | 1 | @a乔万尼奥里@9qiao wan ni ao li@4著 |
| 702 | 0 | @a李俍民@9li lang min@4译 |
| 801 | 0 | @aCN@bTSSF@c20150126 |
| 905 | @aZUCC@dI546.4@eJY70:1 | |
| 斯巴达克思.上册/(意)乔万尼奥里著/李俍民译.-上海:上海译文出版社(南京:江苏人民出版社,1978重印) |
| 368页;19cm |
| ISBN :CNY1.72 |
| ● |
| 相关链接 |
|
|
|
|
正题名:斯巴达克思
索取号:I546.4/JY70:1
 
预约/预借
| 序号 | 登录号 | 条形码 | 馆藏地/架位号 | 状态 | 备注 |
| 1 | 7839464 | 278394649 | 学院路分馆/ [索取号:I546.4/JY70:1] | 在馆 | |
| 2 | 7849755 | 278497556 | 学院路分馆/ [索取号:I546.4/JY70:1] | 在馆 |